02601nam a22002537a 4500003000900000005001700009008002900026020001800055040002200073082001600095245011300111260004200224300002400266500003300290504003200323505180000355650001902155650002202174650002102196700003202217700003902249700004502288710001402333DO-SdBNP20220628114537.0171123b2008 sp a 00| 0 spa d a9788484734673 aBPMSUbspacBPMSU a617.643 b 00aCirugía bucal /beditores Cosme Gay Escoda, Leonardo Berini Aytés ; prólogo Manuel Alfonso Villa Vigil aBarcelona :bOcéano / ergon,c2007. av. :bil. ;c29 cm. aIncluye índice analítico aBibliografía : p. 653-6870 av. 1 : 1 La Cirugía Bucal como especialidad Principios básicos de la Cirugía Bucal, Estudio clínico y radiológico del paciente, Información y consentimiento ; 2 Instrumental y material quirúrgico, Asepsia y esterilización ; 3 La intervención quirúrgica, Estudios preoperatorios. Hemostasia ; 4 Tiempos operatorios en Cirugía Bucal ; 5 Técnicas anestésicas en Cirugía Bucal ; 6 Principios básicos de la exodoncia ; 7 Extracción de dientes permanentes en el maxilar superior y en la mandíbula ; 8 Extracción de restos radiculares, Exodoncias complejas, Exodoncia quirúrgica, Odontosección ; 9 Extracción de dientes erupcionado en posición ectópica, Exodoncias múltiples. Alveoloplastia. Extracción de dientes temporales ; 10 Accidentes y complicaciones de la exodoncia -- v. 2 : 11 Dientes incluidos. Causas de la inclusión dentaria, Posibilidades terapéuticas ante una inclusión dentaria ; 12 Cordales incluidos. Patología, clínica y tratamiento del tercer molar incluido ; 13 Cordales incluidos. Exodoncia quirúrgica, Complicaciones ; 14 Caninos incluidos. Patología,clínica y tratamiento ; 15 Otras inclusiones dentarias, Mesiodens y otros dientes supernumerarios. Dientes temporales supernumerarios. Dientes temporales incluidos ; 16 Tratamiento ortodóncico-quirúrgico de los dientes incluidos ; 17 Frenillos bucales ; 18 La infección odontogénica: concepto,etiopatogenia, bacteriología y clínica ; 19 Vías de propagación de la infección odontogénica ; 20 Normas generales de tratamiento de la infección odontogénica. Antibioticoterapia. Profilaxis de las infecciones postquirúrgica y a distancia ; 21 Tratamiento quirúrgico de la infección odontogénica ; Bibliografía índice analítico.8  4aOdontología. 4aCirugía dental. 4aEstomatología.1 aGay Escoda, Cosme,eeditor 1 aBerini Aytés, Leonardo,eeditor 1 aVilla Vigil, Manuel Alfonso,eprólogo 2 aOcéano